000 00598nam a22001937a 4500
005 20251108165925.0
008 250721s2001 xx 000 0 ara d
082 1 4 _a345.07/غيث
100 1 _aغيث، عزت
245 1 0 _aقانون أصول المحاكمات الجزائية /
264 1 _aعمان :
_bدار قنديل،
_c2001.
300 _a137ص.
490 0 _aسلسلة التشريعات القضائية ؛4
650 1 7 _aالقانون الجنائي
650 1 7 _aالمحاكمات
650 1 7 _aالإجراءات الجنائية
942 _2ddc
_cBK
999 _c34946
_d34946